| 000 | 01556cam a2200313 a 4500 | ||
|---|---|---|---|
| 005 | 20161129142825.0 | ||
| 008 | 060125s2002 bl a b f100 0 por d | ||
| 040 |
_aBID _cBID _dOCLCQ _dPIT _dOCL _dDLC _dCO-BoIAVH |
||
| 041 | 0 | _apor | |
| 044 | _abl | ||
| 082 | 0 | 4 |
_a354.334 _bC73m |
| 111 | 2 |
_aReunião do Fórum de Ministros do Meio Ambiente da América Latina e Caribe _n(13th : _d2001 : _cRio de Janeiro, Brazil) |
|
| 245 | 1 | 0 |
_aComércio & meio ambiente : _buma agenda positiva para o desenvolvimento sustentável / _corganizadores Antônio Sérgio Braga, Luiz Camargo de Miranda |
| 246 | 3 | _aComércio e meio ambiente | |
| 260 |
_aBrasília : _bMinistério do Meio Ambiente do Brasil, Secretaria de Políticas para o Desenvolvimento Sustentável, _c2002. |
||
| 300 |
_a310 páginas : _bilustraciones ; _c22 x 16 cm. |
||
| 500 | _a"Documento preparado para a XIII Reunião do Fórum de Ministros do Meio Ambiente da América Latina e Caribe" | ||
| 504 | _aIncluye referencias bibliográficas: páginas 293-301. | ||
| 650 | 1 | 6 |
_aComercio _xAspectos ambientales _zAmérica Latina |
| 650 | 2 | 6 |
_aComercio _xAspectos ambientales _zCaribe |
| 650 | 2 | 6 |
_aProtección ambiental _zAmérica Latina |
| 650 | 2 | 6 |
_aProtección ambiental _zCaribe |
| 650 | 2 | 6 |
_aDesarrollo sostenible _zAmérica Latina |
| 650 | 2 | 6 |
_aDesarrollo sostenible _zCaribe |
| 700 | 1 | _aBraga, Antônio Sérgio | |
| 700 | 1 | _aMiranda, Luiz Camargo de | |
| 710 | 2 |
_aBrazil _bMinistério do Meio Ambiente |
|
| 942 |
_2ddc _cLIBRO |
||
| 999 |
_c3412 _d3412 |
||